<?xml version="1.0" encoding="UTF-8"?><?xml-stylesheet type="text/xsl" href="static/style.xsl"?><OAI-PMH xmlns="http://www.openarchives.org/OAI/2.0/" xmlns:xsi="http://www.w3.org/2001/XMLSchema-instance" xsi:schemaLocation="http://www.openarchives.org/OAI/2.0/ http://www.openarchives.org/OAI/2.0/OAI-PMH.xsd"><responseDate>2026-04-14T17:00:38Z</responseDate><request verb="GetRecord" identifier="oai:uvadoc.uva.es:10324/59633" metadataPrefix="marc">https://uvadoc.uva.es/oai/request</request><GetRecord><record><header><identifier>oai:uvadoc.uva.es:10324/59633</identifier><datestamp>2023-05-17T19:00:20Z</datestamp><setSpec>com_10324_1145</setSpec><setSpec>com_10324_931</setSpec><setSpec>com_10324_894</setSpec><setSpec>col_10324_1254</setSpec></header><metadata><record xmlns="http://www.loc.gov/MARC21/slim" xmlns:doc="http://www.lyncode.com/xoai" xmlns:xsi="http://www.w3.org/2001/XMLSchema-instance" xmlns:dcterms="http://purl.org/dc/terms/" xsi:schemaLocation="http://www.loc.gov/MARC21/slim http://www.loc.gov/standards/marcxml/schema/MARC21slim.xsd">
<leader>00925njm 22002777a 4500</leader>
<datafield tag="042" ind1=" " ind2=" ">
<subfield code="a">dc</subfield>
</datafield>
<datafield tag="720" ind1=" " ind2=" ">
<subfield code="a">Barroso, Ana</subfield>
<subfield code="e">author</subfield>
</datafield>
<datafield tag="720" ind1=" " ind2=" ">
<subfield code="a">Mogo, Sandra</subfield>
<subfield code="e">author</subfield>
</datafield>
<datafield tag="720" ind1=" " ind2=" ">
<subfield code="a">Silva, M. Manuela V. G.</subfield>
<subfield code="e">author</subfield>
</datafield>
<datafield tag="720" ind1=" " ind2=" ">
<subfield code="a">Cachorro Revilla, Victoria Eugenia</subfield>
<subfield code="e">author</subfield>
</datafield>
<datafield tag="720" ind1=" " ind2=" ">
<subfield code="a">Frutos Baraja, Ángel Máximo de</subfield>
<subfield code="e">author</subfield>
</datafield>
<datafield tag="260" ind1=" " ind2=" ">
<subfield code="c">2021</subfield>
</datafield>
<datafield tag="520" ind1=" " ind2=" ">
<subfield code="a">Mining activities increase contaminant levels in the environment, so it is crucial to study the particulate matter in these areas to understand the impacts on nearby urban areas and populations. This work was conducted close to the active mine of Aljustrel (Portugal), where black dust deposition is evident. PM10 samples were collected in two periods: 10–17 July and 1–10 November of 2018. Two different techniques were used: SEM-EDX for the individual characterization of the aerosols and ICP-MS to quantify the elemental concentration of 11 elements (Ca, Na, Fe, Mn, As, Cd, Cu, Sb, Pb, and Zn). In this region, the observed PM10 mass concentration was 20 to 47 µg m −3 (July) and 4 to 23 µg m−3 (November), which is lower than the limit of 50 μg m−3 established in the European Directive. The individual characterization of 2006 particles by SEM-EDX shows oxides (17%) and sulfides (10%), while Na, Si, Fe, S, Al, and Cu are the elements with the most representativeness in all the analyzed particles. The ICP-MS results indicate that the daily elemental concentration in the samples collected in July is higher than November, and only As exceeds the limit established for European legislation.</subfield>
</datafield>
<datafield tag="024" ind2=" " ind1="8">
<subfield code="a">Atmosphere, 2021, Vol. 12, Nº. 3, 333</subfield>
</datafield>
<datafield tag="024" ind2=" " ind1="8">
<subfield code="a">2073-4433</subfield>
</datafield>
<datafield tag="024" ind2=" " ind1="8">
<subfield code="a">https://uvadoc.uva.es/handle/10324/59633</subfield>
</datafield>
<datafield tag="024" ind2=" " ind1="8">
<subfield code="a">10.3390/atmos12030333</subfield>
</datafield>
<datafield tag="024" ind2=" " ind1="8">
<subfield code="a">333</subfield>
</datafield>
<datafield tag="024" ind2=" " ind1="8">
<subfield code="a">3</subfield>
</datafield>
<datafield tag="024" ind2=" " ind1="8">
<subfield code="a">Atmosphere</subfield>
</datafield>
<datafield tag="024" ind2=" " ind1="8">
<subfield code="a">12</subfield>
</datafield>
<datafield tag="024" ind2=" " ind1="8">
<subfield code="a">2073-4433</subfield>
</datafield>
<datafield ind1=" " ind2=" " tag="653">
<subfield code="a">Mineral resources</subfield>
</datafield>
<datafield ind1=" " ind2=" " tag="653">
<subfield code="a">Minas y recursos mineros</subfield>
</datafield>
<datafield ind1=" " ind2=" " tag="653">
<subfield code="a">Atmospheric aerosols</subfield>
</datafield>
<datafield ind1=" " ind2=" " tag="653">
<subfield code="a">Aerosoles</subfield>
</datafield>
<datafield ind1=" " ind2=" " tag="653">
<subfield code="a">Atmósfera</subfield>
</datafield>
<datafield ind1=" " ind2=" " tag="653">
<subfield code="a">Aire - Contaminación</subfield>
</datafield>
<datafield ind1=" " ind2=" " tag="653">
<subfield code="a">Alentejo (Portugal)</subfield>
</datafield>
<datafield tag="245" ind1="0" ind2="0">
<subfield code="a">Morphology, mineralogy, and chemistry of atmospheric aerosols nearby an active mining area: Aljustrel mine (sw Portugal)</subfield>
</datafield>
</record></metadata></record></GetRecord></OAI-PMH>